Scultura italiana : (Registro nro. 15125)
[ vista simple ]
| 000 -LEADER | |
|---|---|
| fixed length control field | 00914nam a2200265 a 4500 |
| 001 - CONTROL NUMBER | |
| control field | 000030944 |
| 003 - CONTROL NUMBER IDENTIFIER | |
| control field | OSt |
| 005 - DATE AND TIME OF LATEST TRANSACTION | |
| control field | 20250602135231.0 |
| 008 - FIXED-LENGTH DATA ELEMENTS--GENERAL INFORMATION | |
| fixed length control field | 110608s1966 dr ac 000 0 spa d |
| 040 ## - CATALOGING SOURCE | |
| Original cataloging agency | DO-SdBNP |
| Language of cataloging | spa |
| Transcribing agency | BNPHU |
| 082 ## - DEWEY DECIMAL CLASSIFICATION NUMBER | |
| Classification number | 730.937 |
| Item number | C282s 1967 |
| Edition number | 22 |
| 100 1# - MAIN ENTRY--PERSONAL NAME | |
| Personal name | Cardi, Enzo |
| Dates associated with a name | |
| 245 10 - TITLE STATEMENT | |
| Title | Scultura italiana : |
| Remainder of title | il gótico / |
| Statement of responsibility, etc. | Enzo Cardi ; fotografía Bruno Balestrini |
| 260 ## - PUBLICATION, DISTRIBUTION, ETC. (IMPRINT) | |
| Place of publication, distribution, etc. | Italia : |
| Name of publisher, distributor, etc. | Instituto Editorial Electa, |
| Date of publication, distribution, etc. | 1967 |
| 300 ## - PHYSICAL DESCRIPTION | |
| Extent | 259 p. : |
| Other physical details | il., retrs. ; |
| Dimensions | 28 cm. |
| 500 ## - GENERAL NOTE | |
| General note | Incluye índice |
| 500 ## - GENERAL NOTE | |
| General note | |
| 590 ## - LOCAL NOTE (RLIN) | |
| Local note | Inventariado, 2025 / VM |
| 600 14 - SUBJECT ADDED ENTRY--PERSONAL NAME | |
| Personal name | Carli, Enzo, |
| Dates associated with a name | 1910-1999 |
| General subdivision | Trabajos escultóricos |
| Chronological subdivision | Siglos XII-XVI. |
| 650 #4 - SUBJECT ADDED ENTRY--TOPICAL TERM | |
| Topical term or geographic name as entry element | Escultura italiana |
| Form subdivision | Libros de láminas |
| Chronological subdivision | Siglos XII-XVI. |
| Geographic subdivision | |
| 650 #4 - SUBJECT ADDED ENTRY--TOPICAL TERM | |
| Topical term or geographic name as entry element | Autores italianos. |
| Geographic subdivision | |
| 700 1# - ADDED ENTRY--PERSONAL NAME | |
| Personal name | Balestrini, Bruno |
| Relator term | fotografías |
| 910 ## - USER-OPTION DATA (OCLC) | |
| User-option data | VMateo V. Control de calidad BPMSU |
| 942 ## - ADDED ENTRY ELEMENTS (KOHA) | |
| Source of classification or shelving scheme | Dewey Decimal Classification |
| Koha item type | Libros |
| Withdrawn status | Lost status | Source of classification or shelving scheme | Damaged status | Not for loan | Collection code | Home library | Current library | Date acquired | Total Checkouts | Full call number | Barcode | Date last seen | Price effective from | Koha item type |
|---|---|---|---|---|---|---|---|---|---|---|---|---|---|---|
| Dewey Decimal Classification | Colección General | Biblioteca Pública Metropolitana Salomé Ureña | Biblioteca Pública Metropolitana Salomé Ureña | 06/02/2025 | BPMSU CG 730.937 C282s 1967 | BPMSU25060007 | 06/02/2025 | 06/02/2025 | Libros |